• 首页
  • 本馆介绍
  • 公告通知
  • 最新文献
  • 馆藏检索
  • 电子资源
  • 读者导购
  • 参考咨询
  • 我的图书馆
  • 登录
  • 详细信息显示
  • 放入我的书架
  • 预约/预借图书
  • 作者相关作品
  • 分类相关作品
  • 丛书相关作品
  • 出版社相关作品

书目信息

  • 表格格式
  • 工作单格式
  • 卡片格式
题名:
服装制作基本技能
    
 
作者: 李新 主编
分册:  
出版信息: 北京   中国林业出版社  2009.09
页数: 149页
开本: 21cm
丛书名:
单 册:
中图分类: TS941.63 , TS941.6
科图分类:
主题词: 服装缝制--技术教育--教材 , 服装缝制
电子资源:
ISBN: 978-7-5038-5670-9
000 00821nam0 22002771 450
001 004286820
005 20100713044556.0
010    @a978-7-5038-5670-9@dCNY10.00
100    @a20091014d2009 em y0chiy50 ea
101 0  @achi
102    @aCN@b110000
105    @aa z 000yy
106    @ar
200 1  @a服装制作基本技能@9fu zhuang zhi zuo ji ben ji neng@f李新主编
210    @a北京@c中国林业出版社@d2009.09
215    @a149页@c图@d21cm
300    @a职业技能培训系列教材
330    @a本书介绍了服装制作基础知识、制作女西裤、男西裤的制作、制作女长袖衬衫等六个单元的内容。
606 0  @a服装缝制@x技术教育@j教材
606 0  @a服装缝制
690    @aTS941.63@v5
690    @aTS941.6@v5
701  0 @a李新@9li xin@4主编
801  0 @aCN@b91MARC@c20101222
905    @aBZT@dTS941.6@e12
906    @dCNY10.00@n0@r1
    
    服装制作基本技能/李新主编.-北京:中国林业出版社,2009.09
    149页:图;21cm
    职业技能培训系列教材
    
    ISBN 978-7-5038-5670-9:CNY10.00
    本书介绍了服装制作基础知识、制作女西裤、男西裤的制作、制作女长袖衬衫等六个单元的内容。
●
相关链接 在五车中查询图书 在当当中查询图书 在豆瓣中查询图书


正题名:服装制作基本技能     索取号:TS941.6/12         预约/预借

序号 登录号 条形码 馆藏地/架位号 状态 备注
1 752616   2000752616   中心书库中库/ 中库024架B面4列2层7/ [索取号:TS941.6/12] 在馆    
2 752617   2000752617   中心书库中库/ 中库024架B面4列2层6/ [索取号:TS941.6/12] 在馆    
3 752618   2000752618   中心书库中库/ 中库024架B面4列2层4/ [索取号:TS941.6/12] 在馆    
4 752619   2000752619   中心书库中库/ 中库025架B面4列5层33/ [索取号:TS941.6/12] 在馆    
5 752620   2000752620   中心书库中库/ 中库024架B面4列2层5/ [索取号:TS941.6/12] 在馆    
山东省滨州职业学院图书馆 欢迎您!
大连网信软件有限公司© 版权所有